000 00745nam a22002177a 4500
003 UA-OsUOA
001 116637
007 ta
008 20160324b un ||||| |||| 00| 0 ukr d
100 _aШпаковський А.О.
090 _a3309477)
_bШ83
942 _cSA
040 _aUA-OsUOA
_bukr
_cUA-OsUOA
_dUA-OsUOA
245 _aРеструктуризація активів як об'єктивна передумова забезпечення фінансової стійкості банків України
300 _aС.25
955 _a0
041 _aukr
080 _a3309477)
773 0 _w116632
_tЕкономіка. Фінанси. Право.
_dК.
_d2016
_g2
650 7 _a330 Економіка взагалі
_2UDC
999 _c402522
_d402522